header

Academic charisma and the origins of the research university (Record no. 10956)

MARC details
000 -LEADER
fixed length control field 01366nam a2200325Ia 4500
100 1# - MAIN ENTRY--AUTHOR NAME
Personal name Clark, William,
245 10 - TITLE STATEMENT
Title Academic charisma and the origins of the research university
260 ## - PUBLICATION, DISTRIBUTION, ETC. (IMPRINT)
Place of publication Chicago :
Name of publisher University of Chicago Press,
Year of publication 2007, c2006.
300 ## - PHYSICAL DESCRIPTION
Number of Pages 662 p. :
Other physical details ill.
500 ## - GENERAL NOTE
General note Originally published: 2006.
650 #0 - SUBJECT ADDED ENTRY--TOPICAL TERM
Topical Term Education, Higher
Topical Term Education, Higher
Topical Term Universities and colleges
Topical Term Universities and colleges
856 40 - ELECTRONIC LOCATION AND ACCESS
Uniform Resource Identifier http://site.ebrary.com/lib/rucke/Doc?id=10265990

No items available.

© 2026 Rongo University
Contact us: librarian | system librarian | Rongo university